[Event "Icebreaker op"]
[Site "Winnipeg CAN"]
[Date "2002.04.19"]
[Round "1.3"]
[White "Lipnowski, Samuel"]
[Black "Trueman, Francis"]
[Result "1-0"]
[WhiteElo "2034"]
[BlackElo "1485"]
[PlyCount "51"]
[EventDate "2002.04.19"]
[EventType "swiss"]
[EventRounds "5"]
[EventCountry "CAN"]

1. Nf3 Nf6 2. g3 d6 3. d4 g6 4. Bg2 Bg7 5. O-O O-O 6. c4 Nbd7 7. Nc3 c6 8. Qc2
Re8 9. e4 e5 10. Rd1 exd4 11. Nxd4 Nf8 12. Bf4 h5 13. Nde2 N6h7 14. Bxd6 Qf6
15. e5 Qf5 16. Be4 Qe6 17. Nf4 Qxc4 18. Bd3 Bf5 19. Bxf5 gxf5 20. Qxf5 h4 21.
Ne4 Ng6 22. b3 Qa6 23. Nxg6 fxg6 24. Qxg6 Kh8 25. Nf6 Re6 26. Qxh7# 1-0

[Event "Icebreaker op"]
[Site "Winnipeg CAN"]
[Date "2002.04.19"]
[Round "1.4"]
[White "Shome, Devarshi"]
[Black "Harding, Mike"]
[Result "0-1"]
[WhiteElo "1434"]
[BlackElo "1839"]
[PlyCount "47"]
[EventDate "2002.04.19"]
[EventType "swiss"]
[EventRounds "5"]
[EventCountry "CAN"]

1. e4 c5 2. Nf3 d6 3. d4 cxd4 4. Nxd4 Nf6 5. Nc3 a6 6. f3 e6 7. Be3 Qc7 8. Qd2
Be7 9. O-O-O Nbd7 10. Be2 Ne5 11. g4 Nc4 12. Bxc4 Qxc4 13. Kb1 Nd7 14. Qg2 b5
15. a3 Bb7 16. Nb3 Qc7 17. h4 Bc6 18. h5 a5 19. Nd4 b4 20. Nxc6 Qxc6 21. Na2
bxa3 22. bxa3 Bf6 23. Bd4 Bxd4 24. Rxd4 0-1

[Event "Icebreaker op"]
[Site "Winnipeg CAN"]
[Date "2002.04.19"]
[Round "1.5"]
[White "Vincent, Trevor"]
[Black "Verch, Graham"]
[Result "1/2-1/2"]
[WhiteElo "1858"]
[BlackElo "1418"]
[PlyCount "63"]
[EventDate "2002.04.19"]
[EventType "swiss"]
[EventRounds "5"]
[EventCountry "CAN"]

1. c4 e5 2. Nc3 d6 3. g3 f5 4. Bg2 Nf6 5. Nf3 Be7 6. O-O O-O 7. d3 Nbd7 8. Rb1
Nb6 9. b4 a5 10. a3 axb4 11. axb4 d5 12. cxd5 e4 13. dxe4 fxe4 14. Ng5 Nbxd5
15. Qb3 Kh8 16. Rd1 c6 17. Ngxe4 Nxe4 18. Bxe4 Qb6 19. e3 Nxc3 20. Qxc3 Bf5 21.
Bxf5 Rxf5 22. Qd4 Qxd4 23. exd4 Rd5 24. Be3 Kg8 25. Kg2 Ra4 26. b5 Rxb5 27.
Rxb5 cxb5 28. d5 Bd6 29. Rc1 Rc4 30. Rb1 b4 31. Kf3 Kf7 32. h4 1/2-1/2

[Event "Icebreaker op"]
[Site "Winnipeg CAN"]
[Date "2002.04.19"]
[Round "1.6"]
[White "Kwiatek, Jordan"]
[Black "Strub, Michael"]
[Result "0-1"]
[WhiteElo "1404"]
[BlackElo "1785"]
[PlyCount "106"]
[EventDate "2002.04.19"]
[EventType "swiss"]
[EventRounds "5"]
[EventCountry "CAN"]

1. e4 e5 2. f4 Bc5 3. Nf3 d6 4. c3 Nf6 5. d4 exd4 6. cxd4 Bb4+ 7. Bd2 Bxd2+ 8.
Nbxd2 Qe7 9. e5 Nd5 10. Bc4 Nxf4 11. O-O d5 12. Bb3 c6 13. h4 Bg4 14. g3 Ne6
15. Qe1 Nd7 16. Nh2 Bh5 17. g4 Bg6 18. Nhf3 h5 19. Qg3 hxg4 20. Qxg4 O-O-O 21.
Rac1 Kb8 22. Bc2 Rh6 23. Ng5 Bxc2 24. Rxf7 Qe8 25. Nxe6 Rxe6 26. Rxg7 Bg6 27.
Rf1 Nf8 28. Rg8 Bh5 29. Qf5 Rg6+ 30. Rxg6 Qxg6+ 31. Qxg6 Nxg6 32. Rf5 Rg8 33.
Rxh5 Nf4+ 34. Rg5 Nh3+ 35. Kf1 Nxg5 36. hxg5 Rxg5 37. Ke2 Rg2+ 38. Kd3 Rg3+ 39.
Kc2 Kc7 40. a4 Kb6 41. b3 Ka5 42. Kb2 Kb4 43. Kc2 Rc3+ 44. Kb2 Rd3 45. Kc2 Rxd4
46. e6 Rh4 47. Nf3 Re4 48. Kd2 Rxe6 49. Kd3 Rf6 50. Nd2 Rf3+ 51. Kc2 Rf2 52.
Kb2 Rxd2+ 53. Ka1 Kxb3 0-1

[Event "Icebreaker op"]
[Site "Winnipeg CAN"]
[Date "2002.04.19"]
[Round "1.7"]
[White "Czarny, Keith"]
[Black "Hou, Jeff"]
[Result "1-0"]
[WhiteElo "1710"]
[BlackElo "1361"]
[PlyCount "53"]
[EventDate "2002.04.19"]
[EventType "swiss"]
[EventRounds "5"]
[EventCountry "CAN"]

1. c4 e5 2. Nc3 Nf6 3. d3 Bb4 4. Bd2 O-O 5. Nf3 Nc6 6. a3 Bxc3 7. Bxc3 d6 8. g3
Re8 9. Bg2 Bf5 10. O-O Qd7 11. Re1 Rad8 12. Rc1 d5 13. cxd5 Nxd5 14. Bd2 e4 15.
dxe4 Bxe4 16. Qb3 Na5 17. Bxa5 b6 18. Bc3 c5 19. Rcd1 Qc6 20. Rd2 c4 21. Qd1 b5
22. Rd4 f5 23. Qd2 Re7 24. Rd1 Red7 25. Ne5 Qb7 26. Nxd7 Bxg2 27. Rxd5 1-0

[Event "Icebreaker op"]
[Site "Winnipeg CAN"]
[Date "2002.04.19"]
[Round "1.8"]
[White "Gibbons, Lorne"]
[Black "Proulx, Roy"]
[Result "0-1"]
[WhiteElo "1244"]
[BlackElo "1683"]
[PlyCount "54"]
[EventDate "2002.04.19"]
[EventType "swiss"]
[EventRounds "5"]
[EventCountry "CAN"]

1. d4 e6 2. c4 Nf6 3. Nc3 d5 4. c5 Be7 5. Bf4 c6 6. e3 Nbd7 7. Bd3 b6 8. b4
bxc5 9. bxc5 Qa5 10. Nge2 Bxc5 11. dxc5 e5 12. Bg5 d4 13. exd4 exd4 14. Bxf6
Nxf6 15. Qc2 dxc3 16. Qxc3 Qxc3+ 17. Nxc3 O-O 18. O-O Be6 19. f4 Nd5 20. Nxd5
Bxd5 21. Rfc1 Rab8 22. Bc4 Rfd8 23. a3 Kf8 24. g3 Rb2 25. Bf1 Be4 26. Rd1 Rdb8
27. Bd3 Bf3 0-1

[Event "Icebreaker op"]
[Site "Winnipeg CAN"]
[Date "2002.04.20"]
[Round "2.1"]
[White "Harding, Mike"]
[Black "Kaptsan, Aron"]
[Result "1/2-1/2"]
[WhiteElo "1839"]
[BlackElo "2132"]
[PlyCount "52"]
[EventDate "2002.04.19"]
[EventType "swiss"]
[EventRounds "5"]
[EventCountry "CAN"]

1. e4 e5 2. f4 d5 3. exd5 e4 4. d3 Qxd5 5. Nc3 Bb4 6. Bd2 Bxc3 7. Bxc3 Nf6 8.
Bxf6 gxf6 9. dxe4 Qxe4+ 10. Qe2 f5 11. Nf3 O-O 12. Qxe4 fxe4 13. Ng5 h6 14.
Nxe4 Bf5 15. Ng3 Bxc2 16. Rc1 Ba4 17. Nf5 Re8+ 18. Kf2 Bd7 19. Bd3 Bxf5 20.
Bxf5 c6 21. Rhe1 Na6 22. Rxe8+ Rxe8 23. Re1 Kf8 24. Rxe8+ Kxe8 25. g4 f6 26. h4
b6 1/2-1/2

[Event "Icebreaker op"]
[Site "Winnipeg CAN"]
[Date "2002.04.20"]
[Round "2.2"]
[White "Schulz, Waldemar"]
[Black "Czarny, Keith"]
[Result "1-0"]
[WhiteElo "2094"]
[BlackElo "1710"]
[PlyCount "81"]
[EventDate "2002.04.19"]
[EventType "swiss"]
[EventRounds "5"]
[EventCountry "CAN"]

1. d4 Nf6 2. c4 c5 3. d5 b5 4. cxb5 a6 5. b6 Qxb6 6. Nc3 d6 7. e4 g6 8. Nf3 Bg7
9. Be2 O-O 10. O-O Nbd7 11. Qc2 Ng4 12. a4 Bb7 13. a5 Qc7 14. Nd2 Ngf6 15. Nc4
e6 16. Bf4 Ne8 17. Rfd1 exd5 18. Nxd5 Bxd5 19. Rxd5 Ndf6 20. Rd2 Qe7 21. Nxd6
Nc7 22. Bc4 Ne6 23. Bxe6 fxe6 24. Nc4 Qb7 25. Re1 Nh5 26. Bd6 Rfc8 27. Nb6 Rc6
28. Nxa8 Qxa8 29. Be7 Bd4 30. Bg5 e5 31. Be3 Nf6 32. f3 Qc8 33. Qc4+ Kg7 34.
Rc2 Nd7 35. b4 Qc7 36. Bxd4 exd4 37. bxc5 Qe5 38. Rd2 Qxc5 39. Qxd4+ Qxd4+ 40.
Rxd4 Nf6 41. e5 1-0

[Event "Icebreaker op"]
[Site "Winnipeg CAN"]
[Date "2002.04.20"]
[Round "2.3"]
[White "Strub, Michael"]
[Black "Lipnowski, Samuel"]
[Result "0-1"]
[WhiteElo "1785"]
[BlackElo "2034"]
[PlyCount "48"]
[EventDate "2002.04.19"]
[EventType "swiss"]
[EventRounds "5"]
[EventCountry "CAN"]

1. d4 d5 2. c4 Nc6 3. Nc3 dxc4 4. e3 Nf6 5. Bxc4 g6 6. Nf3 Bg7 7. d5 Nb8 8. Qb3
O-O 9. Ne5 Nbd7 10. f4 Nxe5 11. fxe5 Ng4 12. e6 fxe6 13. dxe6 Qd6 14. Nb5 Qe5
15. Qc3 Qe4 16. Qd3 Qxd3 17. Bxd3 Nf2 18. Nxc7 Nxd3+ 19. Kd2 Nf2 20. Rf1 Ne4+
21. Ke2 Rxf1 22. Kxf1 Rb8 23. Rb1 Be5 24. Nd5 Bxe6 0-1

[Event "Icebreaker op"]
[Site "Winnipeg CAN"]
[Date "2002.04.21"]
[Round "2.4"]
[White "Proulx, Roy"]
[Black "Mu, Yuchen"]
[Result "1-0"]
[WhiteElo "1683"]
[BlackElo "1816"]
[PlyCount "65"]
[EventDate "2002.04.19"]
[EventType "swiss"]
[EventRounds "5"]
[EventCountry "CAN"]

1. e4 c5 2. Nf3 d6 3. d4 cxd4 4. Nxd4 Nf6 5. Nc3 g6 6. f3 Bg7 7. Be3 O-O 8. Qd2
Nc6 9. O-O-O Nxd4 10. Bxd4 Be6 11. g4 Qa5 12. Kb1 Rfc8 13. Nd5 Qxd2 14. Nxf6+
Bxf6 15. Rxd2 Bxd4 16. Rxd4 Rc5 17. Be2 Rac8 18. c3 Ra5 19. a3 g5 20. h4 h6 21.
hxg5 hxg5 22. Rd2 Kg7 23. Bd3 Rh8 24. Rxh8 Kxh8 25. Bc2 Rc5 26. Rd4 Rc4 27. Kc1
Kg7 28. Kd2 Rxd4+ 29. cxd4 Bc4 30. Bd3 d5 31. Bxc4 dxc4 32. Kc3 b5 33. Kb4 1-0

[Event "Icebreaker op"]
[Site "Winnipeg CAN"]
[Date "2002.04.20"]
[Round "2.5"]
[White "Verch, Graham"]
[Black "Curtis, Rory"]
[Result "0-1"]
[WhiteElo "1418"]
[BlackElo "1677"]
[PlyCount "88"]
[EventDate "2002.04.19"]
[EventType "swiss"]
[EventRounds "5"]
[EventCountry "CAN"]

1. e4 c5 2. c3 b6 3. d4 cxd4 4. cxd4 Bb7 5. Nc3 d6 6. Nf3 g6 7. Bc4 e6 8. Bg5
Be7 9. Bxe7 Qxe7 10. O-O Nf6 11. e5 dxe5 12. dxe5 Nh5 13. Nb5 O-O 14. Re1 Rd8
15. Qe2 Nf4 16. Qe3 Nd5 17. Qh6 Nd7 18. Nd6 Nxe5 19. Ng5 f6 20. Nxb7 Qxb7 21.
Bxd5 exd5 22. Ne6 Re8 23. Nd4 Nd3 24. Rxe8+ Rxe8 25. b3 Re4 26. Nf3 Ne5 27.
Nxe5 Rxe5 28. Qf4 Qe7 29. h3 Re1+ 30. Rxe1 Qxe1+ 31. Kh2 Qe5 32. Kg3 Kf7 33.
Kf3 Qxf4+ 34. Kxf4 Ke6 35. Ke3 h5 36. h4 g5 37. g3 Kf5 38. f3 gxh4 39. gxh4 d4+
40. Kxd4 Kf4 41. Kd5 Kxf3 42. Ke6 Kg4 43. Kxf6 Kxh4 44. Kf5 Kg3 0-1

[Event "Icebreaker op"]
[Site "Winnipeg CAN"]
[Date "2002.04.20"]
[Round "2.6"]
[White "Sapina, Hrvoje"]
[Black "Shome, Devarshi"]
[Result "1-0"]
[WhiteElo "1649"]
[BlackElo "1434"]
[PlyCount "41"]
[EventDate "2002.04.19"]
[EventType "swiss"]
[EventRounds "5"]
[EventCountry "CAN"]

1. d4 Nf6 2. c4 g6 3. Nc3 Bg7 4. e4 d6 5. Bd3 O-O 6. Nge2 e5 7. O-O Nc6 8. Bb1
exd4 9. Nxd4 Nxd4 10. Qxd4 Re8 11. Qd1 b6 12. Bd3 Bb7 13. f3 Nh5 14. g4 Bd4+
15. Kh1 Nf6 16. Bg5 Qd7 17. Qd2 Kh8 18. Ne2 Nxe4 19. Bxe4 Rxe4 20. Nxd4 Rxg4
21. Bf6+ 1-0

[Event "Icebreaker op"]
[Site "Winnipeg CAN"]
[Date "2002.04.20"]
[Round "2.7"]
[White "Trueman, Francis"]
[Black "Kwiatek, Jordan"]
[Result "0-1"]
[WhiteElo "1485"]
[BlackElo "1404"]
[PlyCount "98"]
[EventDate "2002.04.19"]
[EventType "swiss"]
[EventRounds "5"]
[EventCountry "CAN"]

1. Nf3 Nf6 2. d3 d5 3. Nbd2 Nc6 4. g3 e5 5. Bg2 Be6 6. O-O Qd7 7. Re1 O-O-O 8.
a4 a5 9. c3 h5 10. Ng5 Bg4 11. h3 h4 12. hxg4 hxg3 13. f3 Bc5+ 14. e3 d4 15.
Nge4 Ba7 16. Nxf6 gxf6 17. Ne4 f5 18. gxf5 Qxf5 19. Nxg3 Qh7 20. Kf2 Rdg8 21.
f4 dxe3+ 22. Bxe3 Bxe3+ 23. Rxe3 exf4 24. Rf3 fxg3+ 25. Rxg3 Rxg3 26. Kxg3 Qh4+
27. Kf3 Ne5+ 28. Ke2 Ng4 29. Qf1 Re8+ 30. Be4 Qh2+ 31. Kf3 Ne5+ 32. Ke3 Qxb2
33. Rb1 Qxc3 34. Bxb7+ Kd8 35. Be4 Nc4+ 36. Kf4 Qe5+ 37. Kg4 Ne3+ 38. Kf3 Nxf1
39. Rxf1 Qh5+ 40. Ke3 Qg5+ 41. Kd4 c5+ 42. Kc4 Rf8 43. Rf5 Qc1+ 44. Kb5 c4 45.
Kc6 cxd3+ 46. Kd6 d2 47. Rxa5 d1=Q+ 48. Bd5 Qf4+ 49. Kc6 Qc7+ 0-1

[Event "Icebreaker op"]
[Site "Winnipeg CAN"]
[Date "2002.04.20"]
[Round "2.8"]
[White "Hou, Jeff"]
[Black "Gannon, Keith"]
[Result "0-1"]
[WhiteElo "1361"]
[BlackElo "1558"]
[PlyCount "54"]
[EventDate "2002.04.19"]
[EventType "swiss"]
[EventRounds "5"]
[EventCountry "CAN"]

1. e4 d6 2. d4 Nf6 3. Nc3 e6 4. Bd3 Be7 5. Nge2 Nbd7 6. O-O O-O 7. h3 e5 8.
dxe5 Nxe5 9. f4 Nxd3 10. cxd3 c6 11. Be3 Bd7 12. Qd2 Qc7 13. f5 b5 14. b4 a5
15. a3 axb4 16. axb4 Qb7 17. d4 Rxa1 18. Rxa1 Ra8 19. Rxa8+ Qxa8 20. e5 Ne8 21.
Qd3 d5 22. Qb1 Qa3 23. Bd2 Qxb4 24. Qd3 Qa3 25. Qg3 Bxf5 26. Qf4 Be6 27. Bc1
Qa8 0-1

[Event "Icebreaker op"]
[Site "Winnipeg CAN"]
[Date "2002.04.20"]
[Round "3.1"]
[White "Lipnowski, Samuel"]
[Black "Schulz, Waldemar"]
[Result "1/2-1/2"]
[WhiteElo "2034"]
[BlackElo "2094"]
[PlyCount "80"]
[EventDate "2002.04.19"]
[EventType "swiss"]
[EventRounds "5"]
[EventCountry "CAN"]

1. e4 c5 2. Nf3 e6 3. d4 cxd4 4. Nxd4 Nf6 5. Nc3 d6 6. Be2 Be7 7. O-O a6 8. f4
Qc7 9. Be3 Nc6 10. Kh1 O-O 11. Qe1 Bd7 12. Qg3 Nxd4 13. Bxd4 Bc6 14. Bf3 Ne8
15. Rad1 Rd8 16. Rfe1 Rd7 17. Qf2 b5 18. a3 Qb7 19. Rd3 Nc7 20. Qg3 Ne8 21. Nd5
Qb8 22. Nxe7+ Rxe7 23. e5 Bxf3 24. Rxf3 dxe5 25. Bc5 exf4 26. Qxf4 Qxf4 27.
Rxf4 Rd7 28. Bxf8 Kxf8 29. Kg1 Nc7 30. Kf2 f6 31. a4 Ke7 32. axb5 axb5 33. c4
g5 34. Rfe4 f5 35. Re5 bxc4 36. Rxf5 Rd2+ 37. Kg3 Rxb2 38. Rc5 Ne8 39. Rxc4 Ng7
40. Rc7+ Kf6 1/2-1/2

[Event "Icebreaker op"]
[Site "Winnipeg CAN"]
[Date "2002.04.20"]
[Round "3.2"]
[White "Kaptsan, Aron"]
[Black "Proulx, Roy"]
[Result "1-0"]
[WhiteElo "2105"]
[BlackElo "1683"]
[PlyCount "47"]
[EventDate "2002.04.19"]
[EventType "swiss"]
[EventRounds "5"]
[EventCountry "CAN"]

1. d4 d5 2. c4 e6 3. Nc3 Be7 4. cxd5 exd5 5. Bf4 Nf6 6. e3 c6 7. Bd3 O-O 8. h3
a5 9. Nf3 Nbd7 10. O-O Re8 11. Bh2 Nf8 12. Qc2 h6 13. Rfd1 Be6 14. Rab1 Rc8 15.
a3 c5 16. dxc5 Bxc5 17. Qa4 Bd7 18. Bb5 Bxb5 19. Qxb5 Re6 20. Qd3 Ng6 21. Nxd5
Qe8 22. Nc7 Rxc7 23. Bxc7 Ne4 24. Qd8 1-0

[Event "Icebreaker op"]
[Site "Winnipeg CAN"]
[Date "2002.04.20"]
[Round "3.3"]
[White "Curtis, Rory"]
[Black "Harding, Mike"]
[Result "0-1"]
[WhiteElo "1677"]
[BlackElo "1839"]
[PlyCount "54"]
[EventDate "2002.04.19"]
[EventType "swiss"]
[EventRounds "5"]
[EventCountry "CAN"]

1. d4 Nf6 2. c4 g6 3. Nc3 Bg7 4. e4 d6 5. f4 O-O 6. Nf3 Nbd7 7. Be2 c5 8. d5 a6
9. a4 Qc7 10. O-O Re8 11. Qc2 Nf8 12. Nd1 e6 13. dxe6 Nxe6 14. f5 Nd4 15. Nxd4
cxd4 16. fxg6 hxg6 17. Nf2 d5 18. Bd3 dxe4 19. Nxe4 Ng4 20. g3 Ne3 21. Bxe3
dxe3 22. Nf6+ Bxf6 23. Rxf6 Bh3 24. Re1 Rad8 25. Bxg6 Rd2 26. Qxd2 exd2 27.
Rxe8+ Kg7 0-1

[Event "Icebreaker op"]
[Site "Winnipeg CAN"]
[Date "2002.04.21"]
[Round "3.4"]
[White "Kwiatek, Jordan"]
[Black "Vincent, Trevor"]
[Result "0-1"]
[WhiteElo "1404"]
[BlackElo "1858"]
[PlyCount "54"]
[EventDate "2002.04.19"]
[EventType "swiss"]
[EventRounds "5"]
[EventCountry "CAN"]

1. e4 c5 2. Nf3 Nc6 3. d4 cxd4 4. Nxd4 g6 5. c4 Bg7 6. Be3 Nf6 7. Nc3 Ng4 8.
Qxg4 Nxd4 9. Qd1 Nc6 10. Qd2 d6 11. Bd3 Ne5 12. Be2 Be6 13. Nd5 O-O 14. Bh6 Rc8
15. Rc1 Bxd5 16. exd5 b5 17. Bxg7 Kxg7 18. b3 bxc4 19. bxc4 Rc5 20. f4 Nd7 21.
O-O Qa5 22. Qd4+ Kg8 23. Bg4 Nf6 24. Rf2 Nxg4 25. Rf3 Qb6 26. Rh3 Rxc4 27. Rxc4
Qb1+ 0-1

[Event "Icebreaker op"]
[Site "Winnipeg CAN"]
[Date "2002.04.20"]
[Round "3.5"]
[White "Gannon, Keith"]
[Black "Strub, Michael"]
[Result "0-1"]
[WhiteElo "1558"]
[BlackElo "1785"]
[PlyCount "78"]
[EventDate "2002.04.19"]
[EventType "swiss"]
[EventRounds "5"]
[EventCountry "CAN"]

1. e4 e5 2. Nf3 Nf6 3. Nc3 Nc6 4. d4 exd4 5. Nxd4 Bb4 6. Nxc6 Bxc3+ 7. bxc3
bxc6 8. Bg5 h6 9. Bxf6 Qxf6 10. Qd2 O-O 11. Bd3 Rb8 12. O-O Rb6 13. Rfe1 d6 14.
Bc4 Re8 15. Re3 Be6 16. Bb3 Rb5 17. Rf3 Qe7 18. Re1 Bxb3 19. cxb3 Re5 20. Rfe3
Qg5 21. Qe2 a5 22. g3 Qd8 23. c4 Qb8 24. f4 R5e7 25. Qd2 Qb4 26. Qc2 Ra8 27.
Qc3 Qxc3 28. Rxc3 f5 29. c5 fxe4 30. cxd6 cxd6 31. Rxc6 Rd8 32. Kf2 d5 33. Rc5
d4 34. Rec1 e3+ 35. Ke2 d3+ 36. Kd1 d2 37. Ke2 dxc1=Q 38. Rxc1 Rd2+ 39. Ke1
Rxa2 0-1

[Event "Icebreaker op"]
[Site "Winnipeg CAN"]
[Date "2002.04.20"]
[Round "3.6"]
[White "Czarny, Keith"]
[Black "Sapina, Hrvoje"]
[Result "1-0"]
[WhiteElo "1710"]
[BlackElo "1649"]
[PlyCount "161"]
[EventDate "2002.04.19"]
[EventType "swiss"]
[EventRounds "5"]
[EventCountry "CAN"]

1. c4 c5 2. Nf3 Nc6 3. g3 Nf6 4. Bg2 e6 5. d3 d5 6. O-O Be7 7. Nbd2 O-O 8. h3
Rb8 9. b3 Bd7 10. Bb2 Qc8 11. Ne5 Be8 12. Rc1 Nd7 13. Nxc6 bxc6 14. e3 Qa6 15.
a3 Qb6 16. Rb1 a5 17. Ba1 Bf6 18. Bxf6 Nxf6 19. Qc2 d4 20. Nf3 Qd8 21. Ne5 Qd6
22. Nf3 e5 23. exd4 exd4 24. Rfe1 Bd7 25. Re2 Rb6 26. Ree1 Rfb8 27. Nd2 Be6 28.
Qd1 Qd7 29. Kh2 Bf5 30. Qf3 Bg6 31. a4 h6 32. Rb2 Qd6 33. Bf1 R8b7 34. Reb1 Rb4
35. Ra1 Qd7 36. Qd1 Qc8 37. Nf3 Bh5 38. Bg2 Qb8 39. Ra3 Nd7 40. Qc2 Qd6 41. Nd2
f5 42. Rb1 Ne5 43. f4 Nd7 44. Re1 Nb8 45. Nf3 Bxf3 46. Bxf3 Re7 47. Raa1 Rbb7
48. Rab1 Na6 49. Re2 Nb4 50. Qd2 Rxe2+ 51. Qxe2 Re7 52. Qd2 Re3 53. Re1 Rxf3
54. Re8+ Kh7 55. Ra8 Rxd3 56. Qe2 Re3 57. Qh5 Qg6 58. Rh8+ Kxh8 59. Qxg6 d3 60.
Qxf5 d2 61. Qf8+ Kh7 62. Qf5+ Kg8 63. Qc8+ Kf7 64. Qd7+ Kf6 65. Qxd2 Rxb3 66.
Qd6+ Kf7 67. Qxc5 Rb2+ 68. Kh1 Rb1+ 69. Kg2 Rb2+ 70. Kf3 Rb3+ 71. Kg4 Nd3 72.
Qxa5 g6 73. Qc7+ Kg8 74. Qd8+ Kg7 75. a5 Nf2+ 76. Kh4 Rd3 77. Qe7+ Kg8 78. a6
g5+ 79. fxg5 hxg5+ 80. Qxg5+ Kh7 81. Qf5+ 1-0

[Event "Icebreaker op"]
[Site "Winnipeg CAN"]
[Date "2002.04.20"]
[Round "3.7"]
[White "Mu, Yuchen"]
[Black "Verch, Graham"]
[Result "1-0"]
[WhiteElo "1816"]
[BlackElo "1418"]
[PlyCount "37"]
[EventDate "2002.04.19"]
[EventType "swiss"]
[EventRounds "5"]
[EventCountry "CAN"]

1. e4 e5 2. f4 exf4 3. Nf3 Nf6 4. e5 Nh5 5. Be2 Nc6 6. O-O g5 7. Nxg5 Qxg5 8.
Bxh5 Rg8 9. Bf3 Nxe5 10. d4 Nxf3+ 11. Qxf3 d6 12. Bxf4 Qg6 13. Nc3 c6 14. Rae1+
Be7 15. Bxd6 Qxd6 16. Qxf7+ Kd7 17. Qxg8 Qxd4+ 18. Kh1 Bb4 19. Rd1 1-0

[Event "Icebreaker op"]
[Site "Winnipeg CAN"]
[Date "2002.04.20"]
[Round "3.8"]
[White "Shome, Devarshi"]
[Black "Trueman, Francis"]
[Result "1-0"]
[WhiteElo "1434"]
[BlackElo "1485"]
[PlyCount "57"]
[EventDate "2002.04.19"]
[EventType "swiss"]
[EventRounds "5"]
[EventCountry "CAN"]

1. e4 d6 2. d4 Nf6 3. Nc3 g6 4. Bd3 Bg7 5. f4 e5 6. fxe5 dxe5 7. dxe5 Ng4 8.
Nf3 Nxe5 9. O-O Bg4 10. Be2 Nxf3+ 11. Bxf3 Qxd1 12. Bxd1 Bxd1 13. Rxd1 Bxc3 14.
bxc3 Nd7 15. Bf4 O-O-O 16. Rd4 c5 17. Rd5 b6 18. Rad1 Nf6 19. Rxd8+ Rxd8 20.
Rxd8+ Kxd8 21. Bg5 Ke7 22. e5 Ke6 23. exf6 Kd5 24. Kf2 Kc4 25. Bd2 b5 26. Kf3
a5 27. Kg4 h6 28. h4 Kd5 29. Bxh6 1-0

[Event "Icebreaker op"]
[Site "Winnipeg CAN"]
[Date "2002.04.21"]
[Round "4.1"]
[White "Lipnowski, Samuel"]
[Black "Kaptsan, Aron"]
[Result "1/2-1/2"]
[WhiteElo "2034"]
[BlackElo "2105"]
[PlyCount "47"]
[EventDate "2002.04.19"]
[EventType "swiss"]
[EventRounds "5"]
[EventCountry "CAN"]

1. e4 e5 2. Nf3 Nc6 3. Bb5 a6 4. Ba4 Nf6 5. O-O Nxe4 6. d4 b5 7. Bb3 Be7 8.
dxe5 Nc5 9. Bd5 Bb7 10. Be3 Ne6 11. Nc3 Qc8 12. Qd2 d6 13. exd6 Bxd6 14. Ne4
Be7 15. Bxe6 Qxe6 16. Nc5 Qc8 17. Qd5 O-O 18. Nxb7 Qxb7 19. Nd4 Nd8 20. Qxb7
Nxb7 21. Rad1 Bf6 22. b3 c5 23. Nf5 Rfd8 24. Ng3 1/2-1/2

[Event "Icebreaker op"]
[Site "Winnipeg CAN"]
[Date "2002.04.21"]
[Round "4.2"]
[White "Schulz, Waldemar"]
[Black "Harding, Mike"]
[Result "1-0"]
[WhiteElo "2094"]
[BlackElo "1839"]
[PlyCount "77"]
[EventDate "2002.04.19"]
[EventType "swiss"]
[EventRounds "5"]
[EventCountry "CAN"]

1. Nf3 Nf6 2. g3 g6 3. Bg2 Bg7 4. O-O O-O 5. d4 d6 6. c4 c6 7. Nc3 Nbd7 8. e4
e5 9. d5 cxd5 10. cxd5 Nc5 11. Nd2 b6 12. b4 Nd3 13. Qb3 Ng4 14. Nd1 Ba6 15. b5
Nc5 16. Qb1 Bc8 17. h3 Nh6 18. Nc4 f5 19. f3 fxe4 20. fxe4 Rxf1+ 21. Bxf1 Qf6
22. Bg2 Bd7 23. Be3 Rf8 24. Nf2 Nf7 25. a4 Ng5 26. Qd1 Nf3+ 27. Qxf3 Qxf3 28.
Bxf3 Rxf3 29. Kg2 Rxf2+ 30. Bxf2 Nxe4 31. Bxb6 axb6 32. Nxb6 Bf5 33. g4 Nc3 34.
gxf5 gxf5 35. Ra3 e4 36. Nc4 Nxd5 37. Nxd6 Bf8 38. Rg3+ Kh8 39. Nf7# 1-0

[Event "Icebreaker op"]
[Site "Winnipeg CAN"]
[Date "2002.04.21"]
[Round "4.3"]
[White "Vincent, Trevor"]
[Black "Czarny, Keith"]
[Result "1-0"]
[WhiteElo "1858"]
[BlackElo "1710"]
[PlyCount "81"]
[EventDate "2002.04.19"]
[EventType "swiss"]
[EventRounds "5"]
[EventCountry "CAN"]

1. c4 c5 2. g3 Nc6 3. Nc3 g6 4. Bg2 f5 5. Nf3 Bg7 6. O-O Nf6 7. d3 O-O 8. e4
fxe4 9. dxe4 d6 10. h3 Nd7 11. Bf4 Nde5 12. Nxe5 Nxe5 13. Bxe5 Bxe5 14. Rc1 Rb8
15. Kh2 e6 16. f4 Bd4 17. Qc2 a6 18. Ne2 Bf6 19. Rfd1 Qe7 20. Rd2 b5 21. b3
bxc4 22. Qxc4 Rb4 23. Qc2 Bb7 24. Rcd1 Rd8 25. e5 Bg7 26. exd6 Qd7 27. Qxc5 Rb5
28. Qc4 Rc8 29. Qd3 Bxg2 30. Kxg2 Bf8 31. Nc3 Qc6+ 32. Ne4 Bxd6 33. Qxd6 Qxe4+
34. Kh2 Rd5 35. Qb6 Rc2 36. Qf2 Rdxd2 37. Rxd2 Rc1 38. Qg2 Qb1 39. Qa8+ Kg7 40.
Rd7+ Kh6 41. Qf8+ 1-0

[Event "Icebreaker op"]
[Site "Winnipeg CAN"]
[Date "2002.04.21"]
[Round "4.4"]
[White "Strub, Michael"]
[Black "Proulx, Roy"]
[Result "1/2-1/2"]
[WhiteElo "1785"]
[BlackElo "1583"]
[PlyCount "62"]
[EventDate "2002.04.19"]
[EventType "swiss"]
[EventRounds "5"]
[EventCountry "CAN"]

1. d4 e6 2. c4 d5 3. Nc3 c6 4. cxd5 exd5 5. Nf3 Nf6 6. Bg5 Be7 7. e3 O-O 8. Bd3
Bg4 9. Qc2 h6 10. Bxf6 Bxf6 11. Nd2 a5 12. a4 Na6 13. Na2 Qe7 14. Nb3 Rfe8 15.
O-O Nc7 16. Rfc1 Bg5 17. Re1 Ne6 18. h3 Bh5 19. g4 Bh4 20. gxh5 Qg5+ 21. Kh1
Qxh5 22. Qe2 Qg5 23. Qg4 Bxf2 24. Re2 Bxe3 25. Rae1 Qxg4 26. hxg4 Bg5 27. Nc3
Kf8 28. Nc5 Nxc5 29. dxc5 Be7 30. Rc1 Bg5 31. Rce1 Be7 1/2-1/2

[Event "Icebreaker op"]
[Site "Winnipeg CAN"]
[Date "2002.04.21"]
[Round "4.5"]
[White "Curtis, Rory"]
[Black "Mu, Yuchen"]
[Result "0-1"]
[WhiteElo "1677"]
[BlackElo "1816"]
[PlyCount "106"]
[EventDate "2002.04.19"]
[EventType "swiss"]
[EventRounds "5"]
[EventCountry "CAN"]

1. d4 Nf6 2. c4 g6 3. Nc3 Bg7 4. e4 d6 5. f4 O-O 6. Nf3 c5 7. d5 e6 8. dxe6
fxe6 9. Bd3 Nc6 10. a3 Kh8 11. O-O Ng8 12. Rb1 e5 13. Nd5 Nge7 14. fxe5 Nxd5
15. exd5 Nxe5 16. Nxe5 Bxe5 17. Bg5 Bd4+ 18. Kh1 Bf6 19. Bh6 Bg7 20. Qd2 Bd7
21. Bg5 Qb6 22. b4 Rxf1+ 23. Rxf1 cxb4 24. axb4 a5 25. bxa5 Qxa5 26. h4 Qxd2
27. Bxd2 Ra3 28. Rf3 Be5 29. Bh6 Bf5 30. Be2 Rxf3 31. gxf3 Kg8 32. f4 Bd4 33.
Kg2 Be4+ 34. Kf1 Kf7 35. Bg5 Bf6 36. Kf2 Bd4+ 37. Kg3 Ke8 38. h5 Kd7 39. hxg6
hxg6 40. Bg4+ Kc7 41. Be2 Kb6 42. Bd8+ Kc5 43. Kg4 Kb4 44. Kg5 b6 45. Be7 Bc5
46. Kf6 Kc3 47. Ke6 Bf5+ 48. Kf7 Kd2 49. Bf1 Ke3 50. Bg5 Kf2 51. Bh3 Bxh3 52.
Kxg6 Bf1 53. Be7 Bxc4 0-1